Účetní závěrka, uzavírání a otevírání účetních knih v rozpočtových a příspěvkových organizacích

Postupy účtovania pri zabezpečovaní účtovnej závierky, uzatváraní a otváraní účtovných kníh v rozpočtových a príspevkových organizáciách. Tri etapy súboru uzávierkových prác. Schémy prevodu uzatvárania účtovných kníh. Účtovné prípady

Na minha lista:
Detalhes bibliográficos
Autor principal: Šmíd, Vítězslav
Formato: Capítulo de Livro
Idioma:tcheco
Assuntos:
Tags: Adicionar Tag
Sem tags, seja o primeiro a adicionar uma tag!

MARC

LEADER 00000naa a2200000 4500
001 r014369
005 20221205080814.0
041 0 |a cze 
044 |a CZ 
245 1 0 |a Účetní závěrka, uzavírání a otevírání účetních knih v rozpočtových a příspěvkových organizacích  |c Vítězslav Šmíd 
520 |a Postupy účtovania pri zabezpečovaní účtovnej závierky, uzatváraní a otváraní účtovných kníh v rozpočtových a príspevkových organizáciách. Tri etapy súboru uzávierkových prác. Schémy prevodu uzatvárania účtovných kníh. Účtovné prípady 
610 2 0 |a závierka účtovná 
610 2 0 |a knihy účtovné 
610 2 0 |a organizácie rozpočtové 
610 2 0 |a organizácie príspevkové 
610 2 0 |a prípady účtovné 
100 1 |a Šmíd, Vítězslav